| 000 | 01339cam a22003011i 4500 | ||
|---|---|---|---|
| 003 | SA-RiAUC | ||
| 005 | 20250819051655.0 | ||
| 008 | 250816s1995 qa g b 000 0 ara c | ||
| 040 |
_aSA-RIMASH _bara _cSA-RiAUC _erda |
||
| 082 | 0 | 4 |
_a346.03 _qSA-RiAUC |
| 090 |
_a346.03 _bح م ا |
||
| 100 | 1 |
_aالحمادي، أحمد حسن _eمؤلف. |
|
| 245 | 1 | 2 |
_aالحق في التعويض ومدى انتقاله إلى الخلف العام في إطار الفقه والقانون والقضاء المقارن : _bدراسة مقارنة في التعويض بين الشريعة والقانون / _cأحمد حسن علي الحمادي. |
| 264 | 1 |
_aالدوحة : _bدار الثقافة، _c1995. |
|
| 300 |
_a291 صفحة ؛ _c24 سم |
||
| 336 |
_aنص _btxt _2rdacontent _3كتاب |
||
| 337 |
_aبدون وسيط _bn _2rdamedia |
||
| 338 |
_aمجلد _bnc _2rdacarrier |
||
| 500 | _aاهداء من المؤلف | ||
| 504 | _aببليوجرافية : صفحة 274-283. | ||
| 650 | 7 |
_aالتعويضات _xقوانين وتشريعات _2aucsh |
|
| 650 | 7 |
_aالتعويضات (فقه إسلامي) _2aucsh |
|
| 650 | 7 |
_aقضاء التعويض _2aucsh |
|
| 650 | 7 |
_aالخطأ (قانون) _2aucsh |
|
| 650 | 7 |
_aالقانون المقارن _2aucsh |
|
| 942 |
_2ddc _cBOOK _n0 |
||
| 949 |
_aSA-JeALM _d250816 _umohamedma123 _n1 |
||
| 999 |
_c10958 _d10958 |
||